[Event "Benidorm (Women)"]
[Site "Benidorm"]
[Date "2010.12.11"]
[Round "7"]
[White "Perera Borrego, Mariela"]
[Black "Meshcheriakova, Evgenia"]
[Result "0-1"]
[WhiteElo "2077"]
[BlackElo "2260"]
[PlyCount "78"]
[EventDate "2010.12.07"]
[EventType "tourn"]
[EventRounds "9"]
[EventCountry "ESP"]
[SourceTitle "CBM 139 Extra"]
[Source "ChessBase"]
[SourceDate "2011.01.05"]
[SourceVersion "1"]
[SourceVersionDate "2011.01.05"]
[SourceQuality "1"]

1. d4 e6 2. e3 c5 3. Nf3 Nf6 4. Bd3 Be7 5. 0-0 d6 6. b3 Nc6 7. Bb2 Qc7 8. a3 0-0 9. Nbd2 b6 10. dxc5 bxc5 11. Nc4 Rd8 12. Qe2 Nd5 13. g3 Bf6 14. c3 Nb6 15. Nxb6 Qxb6 16. Qc2 h6 17. Rfe1 a5 18. Rab1 Rb8 19. Bc1 Ba6 20. e4 c4 21. bxc4 Qxb1 22. Qxb1 Rxb1 23. Bxb1 Bxc4 24. Bf4 g5 25. Be3 Bxc3 26. Rc1 Rb8 27. Kg2 g4 28. Nd2 Bxd2 29. Bxd2 d5 30. Bxh6 Rb2 31. Bg5 Kg7 32. Re1 f6 33. Bh4 d4 34. Rc1 Ne5 35. Bc2 d3 36. Bd1 d2 37. Ra1 Bd3 38. f3 gxf3+ 39. Kf2 Bxe4 0-1

[Event "Benidorm (Women)"]
[Site "Benidorm"]
[Date "2010.12.08"]
[Round "3"]
[White "Meshcheriakova, Evgenia"]
[Black "Guramishvili, Sopiko"]
[Result "0-1"]
[WhiteElo "2260"]
[BlackElo "2319"]
[PlyCount "120"]
[EventDate "2010.12.07"]
[EventType "tourn"]
[EventRounds "9"]
[EventCountry "ESP"]
[SourceTitle "CBM 139 Extra"]
[Source "ChessBase"]
[SourceDate "2011.01.05"]
[SourceVersion "1"]
[SourceVersionDate "2011.01.05"]
[SourceQuality "1"]

1. e4 c5 2. Nf3 d6 3. Nc3 Nf6 4. Bc4 e6 5. d4 cxd4 6. Nxd4 a6 7. a4 Be7 8. Ba2 Nc6 9. 0-0 0-0 10. Kh1 Nb4 11. Bb3 d5 12. e5 Nd7 13. f4 Nc6 14. Nce2 Nc5 15. Be3 Bd7 16. c3 Nxb3 17. Nxb3 b6 18. Ned4 Qc7 19. Nxc6 Qxc6 20. Nd4 Qc4 21. Qc2 g6 22. a5 bxa5 23. b3 Qc7 24. Rfc1 Rfc8 25. Qa2 Bd8 26. Nf3 Qb7 27. Bd4 Rab8 28. Rab1 Bb5 29. Qd2 Qe7 30. Ra1 Qe8 31. Qd1 Rb7 32. Qg1 a4 33. b4 Be7 34. Qe3 Qd8 35. g4 a5 36. bxa5 Qxa5 37. f5 Qa6 38. f6 Bf8 39. Nd2 Bd3 40. Rxa4 Qxa4 41. Qxd3 Rb2 42. Nf3 Qc4 43. Qxc4 Rxc4 44. Ra1 Rc8 45. Ra7 h6 46. Ra5 Rc2 47. Kg1 Rb8 48. Ra1 Rbb2 49. Kf1 Ra2 50. Rb1 Rcb2 51. Rc1 Ba3 52. Rd1 Rc2 53. h3 Rc1 54. Rxc1 Bxc1 55. Ke1 Bf4 56. Kd1 Rg2 57. Ke1 Rg3 58. Kf2 Rxh3 59. Kg2 Rg3+ 60. Kf2 Rxg4 0-1

[Event "Wch Blitz sf (Women)"]
[Site "Moscow"]
[Date "2010.09.16"]
[Round "19"]
[White "Fominykh, Maria"]
[Black "Meshcheriakova, Evgenia"]
[Result "1/2-1/2"]
[WhiteElo "2268"]
[BlackElo "2260"]
[PlyCount "120"]
[EventDate "2010.09.15"]
[EventType "swiss (blitz)"]
[EventRounds "26"]
[EventCountry "RUS"]
[SourceTitle "CBM 138 Extra"]
[Source "ChessBase"]
[SourceDate "2010.10.29"]
[SourceVersion "1"]
[SourceVersionDate "2010.10.29"]
[SourceQuality "1"]

1. d4 e6 2. c4 Bb4+ 3. Bd2 a5 4. g3 d6 5. Bg2 Nf6 6. Qc2 Nbd7 7. Nf3 e5 8. 0-0 0-0 9. Bg5 exd4 10. Nxd4 h6 11. Bf4 Ne5 12. Rd1 Re8 13. Nd2 Bc5 14. N2b3 Qe7 15. Nxc5 dxc5 16. Nb5 Rb8 17. Qc3 Bg4 18. f3 Bh5 19. e4 Rbc8 20. Bxe5 Qxe5 21. Qxe5 Rxe5 22. Bh3 Rb8 23. g4 Bg6 24. Nxc7 Re7 25. Nb5 Nd7 26. Bf1 Ne5 27. Kg2 f6 28. Rd5 b6 29. b3 Bf7 30. Rd6 h5 31. h3 hxg4 32. hxg4 Re6 33. Rad1 Kf8 34. Nc7 Rxd6 35. Rxd6 Ke7 36. Nb5 g5 37. Rd2 Rd8 38. Rxd8 Kxd8 39. Kf2 Ke7 40. Ke3 Ng6 41. Nc3 Kd6 42. Ne2 Ke5 43. Ng3 Nf4 44. Nf5 Be6 45. Ne7 Kd6 46. Nd5 Bxd5 47. cxd5 Ke5 48. Bb5 Ng2+ 49. Kf2 Nf4 50. Ke3 Ng2+ 51. Kf2 Nf4 52. Bc4 Ng6 53. Ba6 Kd6 54. Bb5 Ke5 55. Ke3 Nf4 56. Bf1 Kd6 57. Bb5 Ke5 58. Bd7 Ng2+ 59. Kf2 Nf4 60. Ke3 Ng2+ 1/2-1/2

[Event "Wch Blitz qf (Women)"]
[Site "Moscow"]
[Date "2010.09.14"]
[Round "8"]
[White "Dogodkina, Julia"]
[Black "Meshcheriakova, Evgenia"]
[Result "0-1"]
[WhiteElo "2071"]
[BlackElo "2260"]
[PlyCount "144"]
[EventDate "2010.09.14"]
[EventType "swiss (blitz)"]
[EventRounds "11"]
[EventCountry "RUS"]
[SourceTitle "CBM 138 Extra"]
[Source "ChessBase"]
[SourceDate "2010.10.29"]
[SourceVersion "1"]
[SourceVersionDate "2010.10.29"]
[SourceQuality "1"]

1. e4 c5 2. Nf3 a6 3. c4 e6 4. Nc3 b6 5. d4 cxd4 6. Nxd4 Bb7 7. f3 Bc5 8. Be3 Ne7 9. Nc2 Bxe3 10. Nxe3 d6 11. Qd2 0-0 12. Be2 Qc7 13. 0-0 Nbc6 14. Rad1 Rad8 15. f4 Ng6 16. b3 Rd7 17. f5 Nge5 18. f6 gxf6 19. Rxf6 Ne7 20. Ng4 Qc5+ 21. Kh1 Nxg4 22. Bxg4 Qe5 23. Qd4 Qxd4 24. Rxd4 Ng6 25. Rf1 Ne5 26. Bh3 Kg7 27. Na4 b5 28. Nb6 Rdd8 29. cxb5 axb5 30. a4 bxa4 31. bxa4 Nc6 32. Rd2 Ne7 33. Kg1 d5 34. exd5 Nxd5 35. Nxd5 Bxd5 36. Bg4 Ra8 37. Bd1 Rfb8 38. Rf4 Rb1 39. Kf2 Ra1 40. h3 Bc6 41. Rg4+ Kf8 42. Rdd4 Ra2+ 43. Be2 R2xa4 44. Rxa4 Rxa4 45. Rxa4 Bxa4 46. Bd3 h6 47. Kf3 Kg7 48. Kg4 Bd1+ 49. Kg3 f5 50. Kf4 Kf6 51. Ke3 e5 52. Bc4 Bc2 53. Kf2 f4 54. Bd5 Kf5 55. Bf3 e4 56. Bg4+ Ke5 57. Bh5 Ba4 58. Ke2 Bb5+ 59. Kf2 Bc6 60. Ke2 e3 61. Kf1 Bb5+ 62. Ke1 Ke4 63. Bf3+ Kf5 64. Bd5 Kg5 65. Bf3 Kh4 66. Bd5 Kg3 67. Bf3 Bd7 68. Bd5 Be8 69. Bf3 Kh2 70. Ke2 Bb5+ 71. Ke1 Kg1 72. Be4 Bf1 0-1

[Event "Wch Blitz qf (Women)"]
[Site "Moscow"]
[Date "2010.09.14"]
[Round "9"]
[White "Meshcheriakova, Evgenia"]
[Black "Sukhareva, Evgenia"]
[Result "0-1"]
[WhiteElo "2260"]
[BlackElo "2198"]
[PlyCount "92"]
[EventDate "2010.09.14"]
[EventType "swiss (blitz)"]
[EventRounds "11"]
[EventCountry "RUS"]
[SourceTitle "CBM 138 Extra"]
[Source "ChessBase"]
[SourceDate "2010.10.29"]
[SourceVersion "1"]
[SourceVersionDate "2010.10.29"]
[SourceQuality "1"]

1. e4 c5 2. Nf3 d6 3. Nc3 Nf6 4. Bc4 e6 5. d4 cxd4 6. Nxd4 a6 7. a4 Be7 8. 0-0 Qc7 9. Ba2 Nbd7 10. f4 b6 11. f5 e5 12. Nde2 Bb7 13. Ng3 Nc5 14. Qe2 h5 15. b4 Ncd7 16. Bd2 h4 17. Nh1 a5 18. bxa5 bxa5 19. Nf2 Ba6 20. Nb5 Qc8 21. Qd3 Nc5 22. Nxd6+ Bxd6 23. Qxd6 Bxf1 24. Qxe5+ Kf8 25. Kxf1 h3 26. g3 Qc6 27. Bd5 Nxd5 28. Qxd5 Qxd5 29. exd5 Rd8 30. Bxa5 Rxd5 31. Bb4 Ke8 32. Re1+ Kd7 33. g4 Re8 34. Rxe8 Kxe8 35. Bxc5 Rxc5 36. Nxh3 Rxc2 37. Nf2 Ra2 38. Kg2 Rxa4 39. h4 Ke7 40. Kg3 Ra3+ 41. Kf4 Ra4+ 42. Kg5 Kf8 43. Nd3 Kg8 44. Nc5 Rc4 45. Nd7 Rd4 46. Ne5 f6+ 0-1

[Event "RUS-ch (Women) 59th"]
[Site "Voronezh"]
[Date "2009.06.09"]
[Round "9"]
[White "Meshcheriakova, Evgenia"]
[Black "Abramova, Yulia"]
[Result "1-0"]
[WhiteElo "2258"]
[BlackElo "1992"]
[PlyCount "87"]
[EventDate "2009.06.01"]
[EventType "swiss"]
[EventRounds "9"]
[EventCountry "RUS"]
[SourceTitle "CBM 130 Extra"]
[Source "ChessBase"]
[SourceDate "2009.07.02"]
[SourceVersion "2"]
[SourceVersionDate "2009.07.15"]
[SourceQuality "1"]

1. e4 e5 2. Nf3 Nf6 3. Nxe5 d6 4. Nf3 Nxe4 5. Nc3 Nxc3 6. dxc3 Be7 7. Bf4 Nc6 8. Qd2 Bg4 9. Be2 Qd7 10. 0-0-0 0-0-0 11. h3 Be6 12. Kb1 Kb8 13. Rhe1 a6 14. Ng5 Bxg5 15. Bxg5 f6 16. Be3 Rhe8 17. b3 Re7 18. Kb2 Qe8 19. a4 Bg8 20. Ra1 Re5 21. Bf3 Qd7 22. Reb1 Rde8 23. b4 a5 24. b5 Nd8 25. Bf4 Rc5 26. b6 Rc4 27. bxc7+ Kxc7 28. Rd1 Rxf4 29. Qxf4 Ne6 30. Qf5 b6 31. Rd2 Rf8 32. Rad1 g6 33. Qd5 Nc5 34. Qxd6+ Qxd6 35. Rxd6 Nxa4+ 36. Ka3 b5 37. Rc6+ Kb8 38. Ra6 Rc8 39. Rxa5 Rxc3+ 40. Kb4 Rc4+ 41. Kxb5 Nc3+ 42. Kb6 Rb4+ 43. Kc5 Rc4+ 44. Kd6 1-0

[Event "St Petersburg Rudenko Memorial (Women)"]
[Site "St Petersburg"]
[Date "2008.09.02"]
[Round "8"]
[White "Meshcheriakova, Evgenia"]
[Black "Butuc, Maria"]
[Result "1-0"]
[WhiteElo "2283"]
[BlackElo "2188"]
[PlyCount "107"]
[EventDate "2008.08.26"]
[EventType "swiss"]
[EventRounds "9"]
[EventCountry "RUS"]
[SourceTitle "EXT 2010"]
[Source "ChessBase"]
[SourceDate "2010.11.25"]
[SourceVersion "1"]
[SourceVersionDate "2010.11.25"]
[SourceQuality "1"]

1. c4 c6 2. e4 d5 3. cxd5 cxd5 4. exd5 Qxd5 5. Nc3 Qd8 6. Bc4 Nf6 7. Nf3 e6 8. d4 Be7 9. 0-0 0-0 10. Re1 Nbd7 11. Bb3 Nb6 12. a3 Nbd5 13. Qd3 b6 14. Bg5 h6 15. Nxd5 exd5 16. Bh4 Bb7 17. Ne5 g5 18. Bg3 Kg7 19. Bc2 Rg8 20. f3 Kf8 21. Ng4 Nxg4 22. fxg4 Rg7 23. Be5 f6 24. Rf1 Kg8 25. Bg3 Qc8 26. Qf5 Qxf5 27. Rxf5 Rd8 28. Bb3 Rd7 29. Bb8 a6 30. Re1 Rf7 31. Re6 b5 32. Bg3 Kg7 33. Rf1 Bd8 34. Bd6 Bb6 35. Bf8+ Rxf8 36. Rxb6 Rff7 37. Rf5 Rd8 38. h3 Kg6 39. Kf2 Kg7 40. Ke3 Re8+ 41. Kd3 Rd8 42. Kc3 Rc7+ 43. Kb4 Rf7 44. Ka5 Kg6 45. Re5 Kg7 46. Ree6 Kg6 47. Rbd6 Rdd7 48. Rxf6+ Rxf6 49. Rxd7 Rf7 50. Rxf7 Kxf7 51. Kb6 Bc8 52. Bxd5+ Ke7 53. Kc7 Bd7 54. Bc6 1-0

[Event "St Petersburg Rudenko Memorial (Women)"]
[Site "St Petersburg"]
[Date "2008.09.01"]
[Round "7"]
[White "Korchagina, Victoria"]
[Black "Meshcheriakova, Evgenia"]
[Result "1/2-1/2"]
[WhiteElo "2155"]
[BlackElo "2283"]
[PlyCount "96"]
[EventDate "2008.08.26"]
[EventType "swiss"]
[EventRounds "9"]
[EventCountry "RUS"]
[SourceTitle "EXT 2010"]
[Source "ChessBase"]
[SourceDate "2010.11.25"]
[SourceVersion "1"]
[SourceVersionDate "2010.11.25"]
[SourceQuality "1"]

1. e4 c5 2. Nf3 a6 3. c3 d5 4. exd5 Qxd5 5. d4 Nf6 6. Be2 g6 7. 0-0 cxd4 8. Qxd4 Qxd4 9. Nxd4 Bg7 10. Nd2 Nbd7 11. Re1 0-0 12. Bf1 Re8 13. N2b3 e5 14. Nf3 b6 15. g3 Bb7 16. Bg2 a5 17. Be3 a4 18. Nbd2 Bd5 19. c4 Bc6 20. Rad1 Rac8 21. b3 Ng4 22. Nf1 Nxe3 23. Nxe3 axb3 24. axb3 e4 25. Nd4 Nc5 26. Nxc6 Rxc6 27. b4 Na4 28. b5 Rcc8 29. Rd6 Bc3 30. Rc1 Be5 31. Rd2 f5 32. Nd5 Kf7 33. Bf1 Bg7 34. Ra2 Red8 35. Rxa4 Rxd5 36. Ra7+ Kf8 37. cxd5 Rxc1 38. d6 Rd1 39. d7 Bf6 40. Kg2 Ke7 41. Bc4 Rd2 42. Kf1 Bd4 43. Ra2 Rxa2 44. Bxa2 Kxd7 45. Bg8 Ke7 46. h4 h6 47. Ke2 Kf6 48. Bd5 Ke5 1/2-1/2

[Event "St Petersburg Rudenko Memorial (Women)"]
[Site "St Petersburg"]
[Date "2008.08.28"]
[Round "3"]
[White "Meshcheriakova, Evgenia"]
[Black "Sorokina, Anastasia1111"]
[Result "1-0"]
[WhiteElo "2283"]
[BlackElo "2073"]
[PlyCount "93"]
[EventDate "2008.08.26"]
[EventType "swiss"]
[EventRounds "9"]
[EventCountry "RUS"]
[SourceTitle "EXT 2010"]
[Source "ChessBase"]
[SourceDate "2010.11.25"]
[SourceVersion "1"]
[SourceVersionDate "2010.11.25"]
[SourceQuality "1"]

1. e4 c5 2. Nf3 d6 3. d4 cxd4 4. Nxd4 Nf6 5. Nc3 g6 6. Bc4 Bg7 7. 0-0 0-0 8. Re1 Nc6 9. h3 Bd7 10. Bg5 Rc8 11. Bb3 h6 12. Bh4 Re8 13. Qd2 Nxd4 14. Qxd4 Qa5 15. e5 Nh7 16. Bg3 Bf5 17. Qa4 Qxa4 18. Bxa4 Red8 19. Nd5 Bf8 20. exd6 exd6 21. c3 Be6 22. Bb3 Rc5 23. Rxe6 fxe6 24. Nf4 Ng5 25. h4 Nf7 26. Nxe6 Re8 27. Nxc5 dxc5 28. Kf1 Rd8 29. Rd1 Rxd1+ 30. Bxd1 Nd6 31. Bf3 b5 32. Bd5+ Kh7 33. Be5 Nf5 34. g3 Nd6 35. Ke2 a5 36. Kd3 b4 37. c4 Be7 38. Kc2 a4 39. a3 h5 40. Kd3 Nc8 41. Bc6 Nb6 42. Bc7 Nc8 43. Bxa4 Bf6 44. axb4 cxb4 45. b3 Ne7 46. Bd6 Nf5 47. Bxb4 1-0

[Event "Stockholm SCT op (Women)"]
[Site "Stockholm"]
[Date "2008.03.22"]
[Round "5"]
[White "Berzina, Ilze"]
[Black "Meshcheriakova, Evgenia"]
[Result "1/2-1/2"]
[WhiteElo "2281"]
[BlackElo "2318"]
[PlyCount "100"]
[EventDate "2008.03.20"]
[EventType "swiss"]
[EventRounds "9"]
[EventCountry "SWE"]
[SourceTitle "CBM 123 Extra"]
[Source "ChessBase"]
[SourceDate "2008.05.06"]
[SourceVersion "1"]
[SourceVersionDate "2008.05.06"]
[SourceQuality "1"]

1. e4 e5 2. Nf3 Nc6 3. Bb5 a6 4. Ba4 Nf6 5. 0-0 Be7 6. Re1 b5 7. Bb3 0-0 8. h3 d6 9. c3 Na5 10. Bc2 c5 11. d4 Qc7 12. Nbd2 cxd4 13. cxd4 Nc6 14. d5 Nb4 15. Bb1 a5 16. a3 Na6 17. b4 Bd7 18. Qb3 Nh5 19. Ra2 Rfc8 20. Rc2 Qb7 21. Rxc8+ Qxc8 22. Bd3 Bd8 23. Nb1 Bb6 24. Be3 Bxe3 25. Rxe3 Nf4 26. Bf1 Qb7 27. bxa5 Nc5 28. Qb4 Qa7 29. Nc3 f5 30. exf5 Qxa5 31. Nxb5 Nb7 32. g3 Nxh3+ 33. Kg2 Qxb4 34. axb4 Bxf5 35. Nc7 Ra2 36. Re2 Ra1 37. Ne6 Bg4 38. Re3 Ra2 39. Be2 Rb2 40. b5 h6 41. Ng1 Bxe6 42. dxe6 Ng5 43. Bc4 Kf8 44. Ra3 Rb4 45. Ra8+ Ke7 46. Ra7 Rxc4 47. Rxb7+ Kxe6 48. Rxg7 Rb4 49. Rg6+ Ke7 50. Rxh6 Rxb5 1/2-1/2

[Event "RUS-ch (Women) 1st League 58th"]
[Site "Smolensk"]
[Date "2008.03.01"]
[Round "4"]
[White "Solovjova, Valentina"]
[Black "Meshcheriakova, Evgenia"]
[Result "1-0"]
[WhiteElo "2221"]
[BlackElo "2318"]
[PlyCount "169"]
[EventDate "2008.02.27"]
[EventType "swiss"]
[EventRounds "9"]
[EventCountry "RUS"]
[SourceTitle "CBM 123 Extra"]
[Source "ChessBase"]
[SourceDate "2008.05.06"]
[SourceVersion "1"]
[SourceVersionDate "2008.05.06"]
[SourceQuality "1"]

1. e4 e5 2. Nf3 Nc6 3. Bb5 a6 4. Bxc6 dxc6 5. 0-0 Bd6 6. d4 exd4 7. Qxd4 f6 8. Be3 Ne7 9. Nc3 Ng6 10. Qd2 Be6 11. Nd4 Bc4 12. Rfe1 0-0 13. Rad1 Re8 14. f3 a5 15. Qf2 Qc8 16. Nf5 Be5 17. Bd4 Be6 18. Bxe5 fxe5 19. Ng3 Rf8 20. b3 Qe8 21. Nf1 Qe7 22. Qe3 b6 23. Rd2 Rf7 24. Ne2 Raf8 25. Kh1 Qh4 26. Red1 h6 27. Ng1 Qe7 28. Ng3 Qa3 29. Qc3 c5 30. Nf1 Qb4 31. Ne2 Qxc3 32. Nxc3 h5 33. Ne3 h4 34. h3 Bxh3 35. gxh3 Rxf3 36. Re1 Nf4 37. Ncd5 Nxh3 38. Ne7+ Kh7 39. N7f5 Ng5 40. Rd7 Nxe4 41. Rxg7+ Kh8 42. Rg6 R8xf5 43. Nxf5 Nf2+ 44. Kg2 Rxf5 45. Rh6+ Kg7 46. Rxh4 e4 47. Kg3 Rf3+ 48. Kg2 Rf7 49. Re2 Nd1 50. Rhxe4 Nc3 51. Rg4+ Kf8 52. Rf2 Nxa2 53. Rxf7+ Kxf7 54. Re4 Nc3 55. Re3 Nd5 56. Re1 Ne7 57. Kf3 Ke8 58. Ke4 Kd7 59. Kd3 Nf5 60. Kc4 Nd6+ 61. Kd5 c6+ 62. Ke5 Ke7 63. Rh1 Nf7+ 64. Kf5 Nd6+ 65. Ke5 Nf7+ 66. Ke4 Ke6 67. Rh5 Nd6+ 68. Kd3 Nf7 69. Rh7 Kf6 70. Ke3 Ke6 71. Kf4 Nd6 72. Rc7 Kd5 73. c4+ Nxc4 74. bxc4+ Kxc4 75. Rxc6 b5 76. Ke3 b4 77. Kd2 a4 78. Kc2 Kb5 79. Rc8 Kc4 80. Rh8 b3+ 81. Kb2 Kb4 82. Rb8+ Kc4 83. Rh8 Kb4 84. Rb8+ Kc4 85. Rb7 1-0

[Event "RUS-ch (Women) 1st League 58th"]
[Site "Smolensk"]
[Date "2008.02.29"]
[Round "3"]
[White "Meshcheriakova, Evgenia"]
[Black "Shulakova, Svetlana"]
[Result "1/2-1/2"]
[WhiteElo "2318"]
[BlackElo "2190"]
[PlyCount "46"]
[EventDate "2008.02.27"]
[EventType "swiss"]
[EventRounds "9"]
[EventCountry "RUS"]
[SourceTitle "CBM 123 Extra"]
[Source "ChessBase"]
[SourceDate "2008.05.06"]
[SourceVersion "1"]
[SourceVersionDate "2008.05.06"]
[SourceQuality "1"]

1. e4 c5 2. Nf3 e6 3. d4 cxd4 4. Nxd4 Nf6 5. Bd3 Nc6 6. Be3 Be7 7. Nc3 d6 8. 0-0 0-0 9. f4 e5 10. fxe5 Ng4 11. Qe2 Nxd4 12. Bxd4 dxe5 13. Be3 Nxe3 14. Qxe3 Be6 15. Rad1 Qc7 16. Kh1 Qc5 17. Qf3 Rad8 18. Nd5 Bxd5 19. exd5 g6 20. c4 f5 21. Qe2 e4 22. Bc2 h5 23. a3 b6 1/2-1/2

[Event "Bykova Memorial (Women) 5th"]
[Site "Vladimir"]
[Date "2007.12.14"]
[Round "1"]
[White "Vasilevich, Irina"]
[Black "Meshcheriakova, Evgenia"]
[Result "1-0"]
[WhiteElo "2383"]
[BlackElo "2302"]
[PlyCount "61"]
[EventDate "2007.12.14"]
[EventType "tourn"]
[EventRounds "9"]
[EventCountry "RUS"]
[EventCategory "3"]
[SourceTitle "CBM 122 Extra"]
[Source "ChessBase"]
[SourceDate "2008.03.04"]
[SourceVersion "1"]
[SourceVersionDate "2008.03.04"]
[SourceQuality "1"]

1. e4 e5 2. Nf3 Nc6 3. Bc4 Bc5 4. c3 Nf6 5. d3 a6 6. Bb3 Ba7 7. Nbd2 0-0 8. h3 h6 9. Nf1 Nh5 10. g4 Nf4 11. Bxf4 exf4 12. Qd2 Qf6 13. h4 Ne5 14. Nxe5 Qxe5 15. Nh2 f3 16. g5 h5 17. g6 Qf6 18. Bxf7+ Rxf7 19. gxf7+ Kxf7 20. Rg1 d5 21. 0-0-0 Bh3 22. e5 Qh6 23. Rg5 Rf8 24. Rdg1 Bg2 25. Nxf3 Bxf3 26. Rxg7+ Qxg7 27. e6+ Kg8 28. Rxg7+ Kxg7 29. Qg5+ Kh7 30. e7 Re8 31. Qf6 1-0

[Event "RUS Cup tt"]
[Site "Miass"]
[Date "2007.11.24"]
[Round "6"]
[White "Meshcheriakova, Evgenia"]
[Black "Kosolapova, Lilia"]
[Result "1-0"]
[WhiteElo "2302"]
[BlackElo "1985"]
[PlyCount "67"]
[EventDate "2007.11.19"]
[EventType "swiss"]
[EventRounds "10"]
[EventCountry "RUS"]
[SourceTitle "CBM 121 Extra"]
[Source "ChessBase"]
[SourceDate "2008.01.10"]
[SourceVersion "1"]
[SourceVersionDate "2008.01.10"]
[SourceQuality "1"]

1. e4 c6 2. c4 d5 3. cxd5 cxd5 4. exd5 Nf6 5. Nc3 g6 6. Bc4 Bg7 7. Nf3 0-0 8. 0-0 Nbd7 9. d3 a6 10. a4 b6 11. d4 Bb7 12. Ne5 Ne8 13. Nc6 Bxc6 14. dxc6 Ndf6 15. Qd3 Ng4 16. h3 Nh6 17. Bxa6 Nd6 18. d5 Nhf5 19. Bf4 h6 20. Bb7 Rb8 21. Nb5 Rxb7 22. cxb7 Nxb7 23. Bc7 Qd7 24. Bxb6 Bxb2 25. Ra2 Be5 26. Re1 f6 27. a5 Ra8 28. a6 Nd8 29. a7 Nc6 30. Qc4 Nd8 31. Rxe5 fxe5 32. Nc7 Nd6 33. Qg4 Qxg4 34. hxg4 1-0

[Event "RUS Cup tt"]
[Site "Miass"]
[Date "2007.11.23"]
[Round "5"]
[White "Meshcheriakova, Evgenia"]
[Black "Demina, Julia"]
[Result "1-0"]
[WhiteElo "2302"]
[BlackElo "2327"]
[PlyCount "85"]
[EventDate "2007.11.19"]
[EventType "swiss"]
[EventRounds "10"]
[EventCountry "RUS"]
[SourceTitle "CBM 121 Extra"]
[Source "ChessBase"]
[SourceDate "2008.01.10"]
[SourceVersion "1"]
[SourceVersionDate "2008.01.10"]
[SourceQuality "1"]

1. e4 c5 2. Nf3 d6 3. d4 cxd4 4. Nxd4 Nf6 5. Nc3 a6 6. Bc4 e6 7. a4 Nxe4 8. Nxe4 d5 9. Bg5 Be7 10. Qg4 Bxg5 11. Nxg5 Qa5+ 12. c3 dxc4 13. Qh5 Qe5+ 14. Kf1 g6 15. Qh6 Nc6 16. Re1 Qf6 17. Nxc6 bxc6 18. Nxh7 Qf5 19. Qg7 Qd3+ 20. Kg1 Rxh7 21. Qxh7 Rb8 22. h4 Qd2 23. Rf1 Ke7 24. h5 gxh5 25. Qxh5 Rxb2 26. Qh4+ Kd6 27. Qg3+ e5 28. Rh8 Bd7 29. f4 e4 30. Qg7 Kc7 31. Qe5+ Qd6 32. Qxe4 Be6 33. Rb1 Bd5 34. Rc8+ Kxc8 35. Qe8+ Qd8 36. Qxd8+ Kxd8 37. Rxb2 Kc7 38. Kf2 a5 39. g4 Be4 40. Ke3 Bd3 41. Rd2 Bb1 42. Kd4 Bd3 43. Ke5 1-0

[Event "RUS-chT (Women)"]
[Site "Sochi"]
[Date "2007.05.05"]
[Round "5"]
[White "Meshcheriakova, Evgenia"]
[Black "Timofeeva, Ekaterina"]
[Result "1/2-1/2"]
[WhiteElo "2309"]
[BlackElo "2218"]
[PlyCount "109"]
[EventDate "2007.05.01"]
[EventType "team"]
[EventRounds "11"]
[EventCountry "RUS"]
[SourceTitle "CBM 118 Extra"]
[Source "ChessBase"]
[SourceDate "2007.07.04"]
[SourceVersion "1"]
[SourceVersionDate "2007.07.04"]
[SourceQuality "1"]

1. e4 d6 2. d4 Nf6 3. Nc3 e5 4. Nf3 Nbd7 5. Bc4 Be7 6. 0-0 0-0 7. a4 c6 8. Ba2 a5 9. Re1 h6 10. h3 Re8 11. Be3 Qc7 12. Nd2 Nf8 13. Nc4 Ra6 14. Qf3 Be6 15. Qg3 Ng6 16. Nxe5 dxe5 17. Bxe6 Bd6 18. Qxg6 Rxe6 19. Qf5 Nd7 20. Rad1 Rf6 21. Qh5 Rg6 22. Re2 exd4 23. Bxd4 Rg5 24. Qf3 Ne5 25. Bxe5 Bxe5 26. Red2 Bf6 27. Rd7 Qb6 28. b3 Ra8 29. Qd3 Re8 30. Qc4 Re6 31. Nb1 Rge5 32. Re1 Bh4 33. Rd2 Rg6 34. Qd4 Qc7 35. Ree2 Reg5 36. Qd8+ Qxd8 37. Rxd8+ Kh7 38. f3 Rxg2+ 39. Rxg2 Bxd8 40. Na3 Rd6 41. Nc4 Rd1+ 42. Kf2 b5 43. Ke2 Rc1 44. Kd2 Rh1 45. Ne5 bxa4 46. bxa4 Bg5+ 47. Ke2 Rc1 48. Kd3 Rd1+ 49. Kc4 Ra1 50. Nxf7 Be7 51. Ne5 Rxa4+ 52. Kb3 Rb4+ 53. Ka2 Ra4+ 54. Kb3 Rb4+ 55. Ka2 1/2-1/2

[Event "EU-ch (Women) 8th"]
[Site "Dresden"]
[Date "2007.04.14"]
[Round "11"]
[White "Meshcheriakova, Evgenia"]
[Black "Nemcova, Katerina"]
[Result "1-0"]
[WhiteElo "2292"]
[BlackElo "2147"]
[PlyCount "91"]
[EventDate "2007.04.03"]
[EventType "swiss"]
[EventRounds "11"]
[EventCountry "GER"]
[SourceTitle "CBM 117 Extra"]
[Source "ChessBase"]
[SourceDate "2007.05.09"]
[SourceVersion "1"]
[SourceVersionDate "2007.05.09"]
[SourceQuality "1"]

1. Nf3 Nf6 2. c4 g6 3. b4 Bg7 4. Bb2 0-0 5. e3 c6 6. d4 d5 7. c5 Ne4 8. Nc3 f5 9. Bd3 Nd7 10. Ne2 Qc7 11. Nf4 Ndf6 12. Ne5 Ng5 13. h4 Nf7 14. Nxf7 Rxf7 15. Qc2 Ng4 16. 0-0-0 e5 17. Nh3 Re7 18. h5 b6 19. hxg6 hxg6 20. Be2 exd4 21. Bxd4 Bxd4 22. Rxd4 Ne5 23. Ng5 Nf7 24. Nxf7 Rxf7 25. Rdh4 Qe5 26. Qb2 Qxb2+ 27. Kxb2 bxc5 28. Rh8+ Kg7 29. R1h7+ Kf6 30. Rxf7+ Kxf7 31. Ba6 cxb4 32. Bxc8 Kf6 33. Rf8+ Kg5 34. Re8 c5 35. Bd7 Rxe8 36. Bxe8 Kf6 37. f4 c4 38. Kc2 a5 39. Kb2 Ke6 40. Bxg6 a4 41. Be8 a3+ 42. Kc2 d4 43. exd4 Kd5 44. Bg6 Kxd4 45. Bxf5 Ke3 46. g3 1-0

[Event "EU-ch (Women) 8th"]
[Site "Dresden"]
[Date "2007.04.09"]
[Round "7"]
[White "Meshcheriakova, Evgenia"]
[Black "Kachiani Gersinska, Ketino"]
[Result "0-1"]
[WhiteElo "2292"]
[BlackElo "2374"]
[PlyCount "72"]
[EventDate "2007.04.03"]
[EventType "swiss"]
[EventRounds "11"]
[EventCountry "GER"]
[SourceTitle "CBM 117 Extra"]
[Source "ChessBase"]
[SourceDate "2007.05.09"]
[SourceVersion "1"]
[SourceVersionDate "2007.05.09"]
[SourceQuality "1"]

1. e4 e5 2. Nf3 Nc6 3. Bb5 a6 4. Ba4 Nf6 5. d3 b5 6. Bb3 Be7 7. Nbd2 0-0 8. Nf1 d5 9. Qe2 dxe4 10. dxe4 Nd4 11. Nxd4 Qxd4 12. c3 Qb6 13. h3 a5 14. Bg5 a4 15. Bc2 h6 16. Bxf6 Qxf6 17. Ne3 c6 18. 0-0 Be6 19. Ng4 Qg5 20. Kh1 Rfd8 21. Bd3 Bc5 22. Nh2 Ra7 23. Nf3 Qh5 24. Kh2 Rad7 25. Rfd1 Bxf2 26. Qxf2 Rxd3 27. Rxd3 Rxd3 28. Qe2 Rd7 29. Rd1 Rxd1 30. Qxd1 Qg6 31. Nxe5 Qxe4 32. Qd8+ Kh7 33. Nd7 Bxd7 34. Qxd7 Qd5 35. Qe8 Qxa2 36. Qxc6 Qxb2 0-1